周辺端末装置ガイドブックー1973.9

محفوظ في:
التفاصيل البيبلوغرافية
مؤلف مشترك: ガイドブック編集小委員会
التنسيق: كتاب
اللغة:Undetermined
منشور في: 東京 日本電子工業振興協会 1973
الموضوعات:
الوسوم: إضافة وسم
لا توجد وسوم, كن أول من يضع وسما على هذه التسجيلة!
Thư viện lưu trữ: Trung tâm Học liệu Trường Đại học Cần Thơ
LEADER 00606nam a2200181Ia 4500
001 CTU_80714
008 210402s9999 xx 000 0 und d
082 |a 621.303 
082 |b G946 
110 |a ガイドブック編集小委員会 
245 0 |a 周辺端末装置ガイドブックー1973.9 
245 0 |c ガイドブック編集小委員会 
260 |a 東京 
260 |b 日本電子工業振興協会 
260 |c 1973 
650 |a Electronic Apparatus And Appliances 
904 |i Ngoc,Hải 
980 |a Trung tâm Học liệu Trường Đại học Cần Thơ